|
|
|
|
| LEADER |
00856nam a2200241 a 4500 |
| 001 |
GR-MES1871 |
| 008 |
991111s1990 nyu 000 b eng d |
| 020 |
|
|
|a 0471522791
|
| 040 |
|
|
|a GrPaTEI
|b gre
|c GR-PaULI
|
| 245 |
0 |
0 |
|a Fundamentals of soil science.
|
| 250 |
|
|
|a 9η
|
| 260 |
|
|
|a New York :
|b John Wiley,
|c 1990
|
| 300 |
|
|
|a 360σελ. :
|b εικ.,σχημ.
|
| 650 |
|
4 |
|a Εδαφος
|
| 650 |
|
4 |
|a Μάνατζμεντ
|
| 650 |
|
4 |
|a Νερό
|
| 650 |
|
4 |
|a Οικολογία
|
| 650 |
|
4 |
|a Χημεία
|
| 700 |
1 |
|
|a Foth, H.
|
| 942 |
|
|
|2 ddc
|
| 952 |
|
|
|0 0
|1 0
|2 ddc
|4 0
|6 631_400000000000000_FOT
|7 0
|9 266160
|a MSLG
|b MSLG
|c BSC
|d 2021-01-17
|e 24
|f 0
|g 0.00
|l 0
|o 631.4 FOT
|p 2420000005628
|r 2021-01-17 00:00:00
|t 1
|v 2021.00
|w 2021-01-17
|y BK15
|x Μεταφορά από Αμαλιάδα (18/10/22)
|x GrPaTEI
|
| 971 |
|
|
|a .b25729159
|b 15-04-20
|c 13-09-16
|
| 999 |
|
|
|c 153059
|d 153059
|